000 00679cam a22002413a 4500
001 30734
003 PGUSA
005 20140828083650.0
008 091222s2009||||xxu|||||s|||||000 | eng d
040 _aPGUSA
_beng
042 _adc
050 4 _aQK
245 1 0 _aMushrooms of America, Edible and Poisonous
_h[electronic resource]
260 _bProject Gutenberg,
_c2009
506 _aPublic domain in the USA.
516 _aElectronic text
653 _aCooking (Mushrooms)
653 _aMushrooms
700 1 _aPalmer, Julius A.
_q(Julius Auboineau),
_d1840-1899
830 0 _aProject Gutenberg
_v30734
856 4 0 _uhttp://www.gutenberg.org/ebooks/30734
942 _cEB
999 _c259989
_d259989